|
|
|
|
| LEADER |
00000nam a22000007a 4500 |
| 005 |
20160419105815.0 |
| 007 |
cr|||| ||u| |
| 008 |
160419s2016 bl ||||| |||| 00||0 por d |
| 020 |
|
|
|a 978-85-7789-246-4
|
| 035 |
|
|
|a 14120
|
| 040 |
|
|
|a vlex
|
| 090 |
|
|
|c 6009
|d 6009
|
| 100 |
1 |
|
|a Aparecido do Livramento, Geraldo
|
| 245 |
1 |
0 |
|a Execuȯ̂ no novo CPC
|h [recurso electrn̤ico] /
|c Geraldo Aparecido do Livramento
|
| 256 |
|
|
|a Servicio en ln̕ea
|
| 260 |
|
|
|a Brasil
|b JH Mizuno
|c 2016
|
| 300 |
|
|
|a 1 recurso electrn̤ico
|
| 506 |
1 |
|
|a Contenido solo disponible en los productos indicados
|d vLex Global
|d vLex Global (Academic Edition, excluding Law Schools)
|d vLex Global (U.S. Academic Edition, Law Schools)
|d vLex Global (U.S. Academic Edition, excluding Law Schools)
|d vLex Global (Academic Edition, Law Schools)
|
| 650 |
0 |
4 |
|a Derecho
|z Brasil
|
| 740 |
0 |
|
|a vLex libros (servicio en ln̕ea)
|
| 856 |
4 |
0 |
|u http://vlex.com/source/execu-o-novo-cpc-14120
|z Acceso restringido
|
| 942 |
|
|
|c BOOK
|
| 999 |
0 |
|
|a Law
|b Brasil
|